Magyartanítás komplex esztétikai nevelési program szerint

Elmentve itt :
Bibliográfiai részletek
Szerző: Molnár Péterné
Dokumentumtípus: Cikk
Megjelent: 1994
Sorozat:Módszertani közlemények 34 No. 1
Kulcsszavak:Neveléstudomány, Irodalomelmélet
Online Access:http://acta.bibl.u-szeged.hu/27941
LEADER 00653nab a2200181 i 4500
001 acta27941
005 20210222151729.0
008 161017s1994 hu o 0|| hun d
022 |a 1219-0039 
040 |a SZTE Egyetemi Kiadványok Repozitórium  |b hun 
041 |a hun 
100 1 |a Molnár Péterné 
245 1 0 |a Magyartanítás komplex esztétikai nevelési program szerint  |h [elektronikus dokumentum] /  |c  Molnár Péterné 
260 |c 1994 
300 |a 23-25 
490 0 |a Módszertani közlemények  |v 34 No. 1 
695 |a Neveléstudomány, Irodalomelmélet 
856 4 0 |u http://acta.bibl.u-szeged.hu/27941/1/modszertani_034_001_023-025.pdf  |z Dokumentum-elérés